Normal view MARC view
  •  PhD- Mechanical Engineering

Entry Topical Term

Number of records used in: 1

001 - CONTROL NUMBER

  • control field: 131625

003 - CONTROL NUMBER IDENTIFIER

  • control field: NUST

005 - DATE AND TIME OF LATEST TRANSACTION

  • control field: 20251029131545.0

008 - FIXED-LENGTH DATA ELEMENTS

  • fixed length control field: 251029|| aca||aabn | a|a d

040 ## - CATALOGING SOURCE

  • Original cataloging agency: NUST
  • Transcribing agency: NUST

150 ## - HEADING--TOPICAL TERM

  • Topical term or geographic name entry element:  PhD- Mechanical Engineering

670 ## - SOURCE DATA FOUND

  • Source citation: Work cat.: (NUST): Masud, Manzar 130752, Investigation of Bio-Hybrid Fiber Reinforced Composites Under Impact Loading/
© 2023 Central Library, National University of Sciences and Technology. All Rights Reserved.